<?xml version="1.0" encoding="UTF-8"?>
<record
    xmlns:xsi="http://www.w3.org/2001/XMLSchema-instance"
    xsi:schemaLocation="http://www.loc.gov/MARC21/slim http://www.loc.gov/standards/marcxml/schema/MARC21slim.xsd"
    xmlns="http://www.loc.gov/MARC21/slim">

  <leader>00783cam a22002291  4500</leader>
  <controlfield tag="001">ne 63000682 </controlfield>
  <controlfield tag="003">DLC</controlfield>
  <controlfield tag="005">20260227111743.0</controlfield>
  <controlfield tag="008">900524s1959    ua       b    000 0bararc</controlfield>
  <datafield tag="010" ind1=" " ind2=" ">
    <subfield code="a">ne 63000682 </subfield>
  </datafield>
  <datafield tag="025" ind1=" " ind2=" ">
    <subfield code="a">PL480:UAR-1186</subfield>
  </datafield>
  <datafield tag="035" ind1=" " ind2=" ">
    <subfield code="a">(OCoLC)21586840</subfield>
  </datafield>
  <datafield tag="040" ind1=" " ind2=" ">
    <subfield code="a">Princeton Univ. Libr.</subfield>
    <subfield code="c">WaU</subfield>
    <subfield code="d">DLC</subfield>
  </datafield>
  <datafield tag="042" ind1=" " ind2=" ">
    <subfield code="a">premarc</subfield>
  </datafield>
  <datafield tag="050" ind1="0" ind2="0">
    <subfield code="a">PJ7750.B3</subfield>
    <subfield code="b">Z87</subfield>
  </datafield>
  <datafield tag="100" ind1="1" ind2=" ">
    <subfield code="a">Shak&#x2BB;ah, Mu&#x1E63;&#x1E6D;af&#x101;.</subfield>
  </datafield>
  <datafield tag="245" ind1="1" ind2="0">
    <subfield code="a">Bad&#x12B;&#x2BB; al-Zam&#x101;n al-Hamadh&#x101;n&#x12B;,</subfield>
    <subfield code="b">r&#x101;&#x2BC;id al-qi&#x1E63;&#x1E63;ah al-&#x2BB;Arab&#x12B;yah wa-al-maq&#x101;lah al-&#x1E63;u&#x1E25;uf&#x12B;yah.</subfield>
    <subfield code="c">Ta&#x2BC;l&#x12B;f Mu&#x1E63;&#x1E6D;af&#xE1; al-Shak&#x2BB;ah.</subfield>
  </datafield>
  <datafield tag="260" ind1=" " ind2=" ">
    <subfield code="a">al-Q&#x101;hirah,</subfield>
    <subfield code="b">Maktabat al-Q&#x101;hirah al-Had&#x12B;thah,</subfield>
    <subfield code="c">1959.</subfield>
  </datafield>
  <datafield tag="300" ind1=" " ind2=" ">
    <subfield code="a">10, 353 p.</subfield>
    <subfield code="c">24 cm.</subfield>
  </datafield>
  <datafield tag="504" ind1=" " ind2=" ">
    <subfield code="a">Bibliography: p. [339]-343.</subfield>
  </datafield>
  <datafield tag="600" ind1="0" ind2="0">
    <subfield code="a">Bad&#x12B;&#x2BB; al-Zam&#x101;n al-Hamadh&#x101;n&#x12B;,</subfield>
    <subfield code="d">969-1008.</subfield>
  </datafield>
  <datafield tag="999" ind1=" " ind2=" ">
    <subfield code="c">45745</subfield>
    <subfield code="d">45745</subfield>
  </datafield>
</record>
